Alcanzar la paz: diez caminos para resolver conflictos en la casa, el trabajo y el mundo

Uloženo v:
Podrobná bibliografie
Hlavní autor: Ury, William L (Autor)
Médium: Kniha
Jazyk:španělština
Vydáno: Buenos Aires Paidós 2000
Témata:
Tagy: Přidat tag
Žádné tagy, Buďte první, kdo vytvoří štítek k tomuto záznamu!

MARC

LEADER 00000nam a2200000 a 4500
001 UCM9705
003 CL-VaPUC
008 030509e20000000AG |||||||||||||||||spa|d
082 0 4 |a 303.69  |b URY  |2 21 
100 0 |a Ury, William L  |e author  |9 476257 
245 1 0 |a Alcanzar la paz: diez caminos para resolver conflictos en la casa, el trabajo y el mundo 
300 |a 253 p 
942 |c BK 
945 |d 20030509 00:00:00  |a cmena 
260 |a Buenos Aires  |b Paidós  |c 2000 
650 0 |a Mediación  |9 338396 
650 0 |a Resolución de conflictos  |9 434922 
650 0 |a Antropología social  |9 306264 
650 0 |a Psicología social   |9 222894 
583 |a last modification  |c 20030509 00:00:00  |k Rodrigo Vera 
999 |c 303846  |d 303844 
952 |0 0  |1 0  |4 0  |6 303_690000000000000_URY_2000  |7 0  |8 A  |9 365418  |a BIBDER  |b BIBDER  |d 2019-11-21  |i 3902862  |o 303.69 URY 2000  |p 3902862  |r 2023-01-25  |w 2019-11-21  |y BK  |k DER